Statistics for Countries by ice cream consumption per capita

Click here to take the quiz!

General Stats

  • This quiz has been taken 77 times
  • The average score is 7 of 10

Answer Stats

Litres/yearAnswer% Correct
13.7USA
100%
9.1Canada
91%
17.7Australia
85%
13.3New Zealand
78%
9.3Denmark
73%
8.4Norway
73%
11.7Sweden
73%
8.5Finland
70%
10.2Ireland
58%
9.3Israel
16%

Score Distribution

Percentile by Number Answered

Percent of People with Each Score

Your Score History

You have not taken this quiz